Locke, liberalismo y propiedad / (Record no. 54845)

MARC details
000 -LEADER
campo de control de longitud fija 00950nam a2200277 i 4500
001 - NÚMERO DE CONTROL
campo de control 54845
003 - IDENTIFICADOR DE NÚMERO DE CONTROL
campo de control ES-MaACL
005 - FECHA Y HORA DE LA ÚLTIMA TRANSACCIÓN
campo de control 20250728095017.0
007 - CAMPO FIJO DE DESCRIPCIÓN FÍSICA--INFORMACIÓN GENERAL
campo de control de longitud fija t|
008 - DATOS DE LONGITUD FIJA--INFORMACIÓN GENERAL
campo de control de longitud fija 040119s2003 sp ||||1| spa d
020 ## - NÚMERO INTERNACIONAL ESTÁNDAR DEL LIBRO
Número Internacional Estándar del Libro 84-95240-88-2
080 ## - NÚMERO DE LA CLASIFICACIÓN DECIMAL UNIVERSAL
Número de la Clasificación Decimal Universal 1 Locke, John
080 ## - NÚMERO DE LA CLASIFICACIÓN DECIMAL UNIVERSAL
Número de la Clasificación Decimal Universal 347.23
100 1# - ENTRADA PRINCIPAL--NOMBRE DE PERSONA
Nombre de persona Lassalle, José María.
9 (RLIN) 70462
245 10 - MENCIÓN DEL TÍTULO
Título Locke, liberalismo y propiedad /
Mención de responsabilidad, etc. José María Lassalle.
260 ## - PUBLICACIÓN, DISTRIBUCIÓN, ETC.
Lugar de publicación, distribución, etc. Madrid :
Nombre del editor, distribuidor, etc. Colegio de Registradores de la Propiedad y Mercantiles de España,
Fecha de publicación, distribución, etc. 2003.
300 ## - DESCRIPCIÓN FÍSICA
Extensión 540 p. ;
Dimensiones 23 cm.
490 1# - MENCIÓN DE SERIE
Mención de serie Monografías
600 14 - PUNTO DE ACCESO ADICIONAL DE MATERIA--NOMBRE DE PERSONA
Nombre de persona Locke, John-
Subdivisión general Crítica e interpretación.
9 (RLIN) 73047
650 17 - PUNTO DE ACCESO ADICIONAL DE MATERIA--TÉRMINO DE MATERIA
Término de materia o nombre geográfico como elemento de entrada Liberalismo
Fuente del encabezamiento o término embne
9 (RLIN) 14386
650 14 - PUNTO DE ACCESO ADICIONAL DE MATERIA--TÉRMINO DE MATERIA
Término de materia o nombre geográfico como elemento de entrada Propiedad.
9 (RLIN) 16476
710 2# - ENTRADA AGREGADA--NOMBRE DE ENTIDAD CORPORATIVA
Nombre de entidad corporativa o nombre de jurisdicción como elemento de entrada Colegio de Registradores de la Propiedad y Mercantiles de España.
9 (RLIN) 2938
830 00 - PUNTO DE ACCESO ADICIONAL DE SERIE-TÍTULO UNIFORME
Título uniforme Monografías (Centro de Estudios Benaventanos "Ledo del Pozo")
9 (RLIN) 177262
852 ## - LOCALIZACIÓN
Ubicación ES-MaACL
Número de control de estantería L-25602
Sublocalización o colección R.133367
Holdings
Estatus retirado Estado de pérdida Estado de daño No para préstamo Biblioteca de origen Biblioteca actual Ubicación en estantería Fecha de adquisición Fuente de adquisición Total de préstamos Signatura topográfica completa Código de barras Visto por última vez Precio de reemplazo Tipo de ítem Koha
        Biblioteca del Ateneo de Madrid Biblioteca del Ateneo de Madrid Depósito 2 17/01/2008     L-25602 1057630 23/02/2023 23/02/2023 Libro impreso